000
00256nam a22001217a 4500
008
170315b xxu||||| |||| 00| 0 eng d
041
_a
eng
080
_2
2ND
_a
611
100
_a
7
101
_a
SHM
245
_a
HEALTH SCIENCE
_c
JONES, K.L
942
_2
udc
_c
BK
999
_c
7882
_d
7882